000 00845nam a2200265Ia 4500
003 OSt
005 20220918170800.0
006 a|||||r|||| 00| 0
007 ta
008 220917b |||||||| |||| 00| 0 eng d
020 _a9780521263382 (pbk)
_c350
024 _a244,771
037 _b855, 03/01/2011, Insat Books & Periodicals
_cTextual
040 _aARTS
_cARTS
_beng
041 _2eng
_aeng
082 _aX:9, Q0
100 _aFleetwood Steve
_931172
245 0 _aExplaining the performance of human resource management
260 _aCambridge
_bCambridge Unviersity Press UK
_c2010
300 _axvii, 342p.
_ccm.
650 _aECONOMICS
700 _a Hesketh Anthony
_931173
942 _hX:9, Q0
_cTEXL
_2CC
999 _c135747
_d135747